000 00871nam a22002537a 4500
999 _c8366
_d8366
003 AR-CdUCM
008 190325b ||||| |||| 00| 0 spa d
040 _aMUNICIPALIDAD PROVINCIAL DEL CUSCO
_cBIBLIOTECA MUNICIPAL DEL CUSCO
041 _hita
082 _a150 /
_bZ85
100 _aZolla, Elémire
_923488
245 _aAntología del Psicoanálisis /
260 _aMéxico D. F. :
_bUTEHA,
_c1962.
300 _aVI, 305 páginas ;
_c18 cm.
440 _aManuales Uteha.
_n140/140a
_923489
440 _aPsicología sección.
_n8
_916720
505 _acontenido: El psicoanálisis como ciencia exacta y como crítica -- El psicoanálisis como filosofía moral.
650 _aPsicoanálisis
_916757
650 _aSubconsciencia
_916758
650 _aErotismo oral
_923490
700 _aSamper, Baltasar (traducción)
_96440
942 _2ddc
_cLIBROS
945 _aachl